Study on varietal defferances on seed dormancy and viability of some rice varieties សិក្សាអំពីភាពខុសគ្នារបស់ពូជស្រូវទៅលើដំណុះភាព និងដំណេកភាព (Record no. 478)

000 -LEADER
fixed length control field 00610nam a22001577a 4500
003 - CONTROL NUMBER IDENTIFIER
control field OSt
005 - DATE AND TIME OF LATEST TRANSACTION
control field 20150915104755.0
008 - FIXED-LENGTH DATA ELEMENTS--GENERAL INFORMATION
fixed length control field 150915b xxu||||| |||| 00| 0 eng d
040 ## - CATALOGING SOURCE
Transcribing agency RUA
082 ## - DEWEY DECIMAL CLASSIFICATION NUMBER
Classification number AGR POC 1999 B024 Or.1
100 ## - MAIN ENTRY--PERSONAL NAME
9 (RLIN) 498
Personal name POCH, SONGHUOT.
245 ## - TITLE STATEMENT
Title Study on varietal defferances on seed dormancy and viability of some rice varieties សិក្សាអំពីភាពខុសគ្នារបស់ពូជស្រូវទៅលើដំណុះភាព និងដំណេកភាព
260 ## - PUBLICATION, DISTRIBUTION, ETC. (IMPRINT)
Place of publication, distribution, etc. Phnom Penh
Name of publisher, distributor, etc. RUA
Date of publication, distribution, etc. 1999
300 ## - PHYSICAL DESCRIPTION
Extent 51p.
Other physical details ill.
Dimensions 29cm.
942 ## - ADDED ENTRY ELEMENTS (KOHA)
Source of classification or shelving scheme
Koha item type AGR
Holdings
Price effective from Date last seen Permanent Location Not for loan Date acquired Source of classification or shelving scheme Koha item type Lost status Withdrawn status Date last checked out Total Checkouts Shelving location Damaged status Barcode Current Location Full call number
2015-09-152015-09-15Library Block B 2015-09-15 AGR    B024 RUA005075Library Block BAGR POC 1999 B024 Or.1
2015-09-152016-08-25Library Block B 2015-09-15 AGR  2016-08-011B024 RUA005224Library Block BAGR POC 1999 B024 Or.2
2015-09-152015-09-15Library Block B 2015-09-15 AGR    B024 RUA005219Library Block BAGR POC 1999 B024 Or.3
2015-09-152015-09-15Library Block B 2015-09-15 AGR    B024 RUA005231Library Block BAGR POC 1999 B024 Or.4
2015-09-152015-09-15Library Block B 2015-09-15 AGR    B024 RUA005303Library Block BAGR POC 1999 B024 Or.5
2015-09-152015-09-15Library Block B 2015-09-15 AGR    B024 RUA005304Library Block BAGR POC 1999 B024 Or.6
2015-09-152016-07-25Library Block B 2015-09-15 AGR  2016-07-111B024 RUA004022Library Block BAGR POC 1999 B024 Or.7
2015-09-152016-08-09Library Block B 2015-09-15 AGR  2016-08-051B024 RUA004190Library Block BAGR POC 1999 B024 Or.8
មជ្ឈមណ្ឌលឯការនៃសាកលវិទ្យាល័យភូមិន្ទកសិកម្មចំការដូង

Powered by Koha